Nests Above the Abyss. (Record no. 3299)

MARC details
000 -LEADER
fixed length control field 00571nam a2200241 a 4500
020 ## - INTERNATIONAL STANDARD BOOK NUMBER
ISBN
082 00 - DEWEY DECIMAL CLASSIFICATION NUMBER
Classification number 266.0091
Author Cutter KUH
100 ## - MAIN ENTRY--AUTHOR NAME
Author name Kuhn, Isobel
245 ## - TITLE STATEMENT
Title Nests Above the Abyss.
260 ## - PUBLICATION, DISTRIBUTION, ETC. (IMPRINT)
Place of publication London
Name of publisher China Inland Mission
Year of publication 1964
300 ## - PHYSICAL DESCRIPTION
Number of Pages 224p
500 ## - GENERAL NOTE
General note includes index and biblioraphy
505 2# - FORMATTED CONTENTS NOTE
Formatted contents note bibliography
650 ## - SUBJECT ADDED ENTRY--TOPICAL TERM
Topical Term Missions-China
942 ## - ADDED ENTRY ELEMENTS (KOHA)
Koha item type Books
700 1# -
-- Kuhn, Isobel
Holdings
Collection code Home library Current library Date acquired Cost, normal purchase price Full call number Accession Number Koha item type
  Henry Martyn Institute Library Henry Martyn Institute Library 05/24/2005 0.00 266.0091 KUH 05466 Books
                   Copyright © 2026 | Henry Martyn Institute | Hyderabad | TS-500052 | INDIA | Implemented by hmi.edu.in
Hit-Count:

Powered by Koha